[Event "AUTO-BEG-637"]
[Site "http://www.queenalice.com/game.php?id=1410605"]
[Date "2016.2.22"]
[Round "1"]
[White "carlosantos"]
[Black "DORJJA"]
[Result "0-1"]
[WhiteElo "1446"]
[BlackElo "1228"]

1. e4 e5 2. Qh5 Nf6 3. Qxe5+ Be7 4. d3 h6 5. Nf3 d6 6. Qb5+ c6 7. Qg5 hxg5 8.
Bxg5 Ng4 9. Bxe7 Qxe7 10. Be2 d5 11. Nc3 Qc5 12. O-O Nd7 13. d4 Qb6 14. e5 Qxb2
15. Na4 Qxc2 16. Bd1 Qh7 17. Ng5 Qh5 18. Nh3 Nb6 19. Nxb6 axb6 20. f3 Ne3 21. f4
Qg6 22. Rf3 Qxg2# 0-1

[Event "AUTO-BEG-637"]
[Site "http://www.queenalice.com/game.php?id=1410606"]
[Date "2016.2.22"]
[Round "1"]
[White "DORJJA"]
[Black "carlosantos"]
[Result "1-0"]
[WhiteElo "1331"]
[BlackElo "1401"]

1. e4 e5 2. Nf3 Nc6 3. Bb5 Nf6 4. Bxc6 bxc6 5. d3 d6 6. Nc3 Bg4 7. h3 Bxf3 8.
Qxf3 d5 9. O-O d4 10. Ne2 Be7 11. Qg3 Nh5 12. Qg4 Nf6 13. Qxg7 Rg8 14. Qh6 Bf8
15. Qh4 Be7 16. Bg5 Rg6 17. Bxf6 Bxf6 18. Qxh7 Ke7 19. Qh5 Rg7 20. Ng3 Qd7 21.
Nf5+ Ke6 22. Nxg7+ Ke7 23. Nf5+ 1-0

[Event "AUTO-INT-3137"]
[Site "http://www.queenalice.com/game.php?id=1422287"]
[Date "2016.5.10"]
[Round "1"]
[White "papyrusmoon"]
[Black "carlosantos"]
[Result "0-1"]
[WhiteElo "1327"]
[BlackElo "1398"]

1. e4 e5 2. Qh5 Nc6 3. d4 Nf6 4. Bg5 Nxh5 5. Bxd8 Nxd8 6. dxe5 Nc6 7. Nf3 d6 8.
Bb5 Bd7 9. exd6 Bxd6 10. O-O O-O 11. Ng5 Nd4 12. Bxd7 Nxc2 13. Nc3 Nxa1 14. Nd5
Rad8 15. Bg4 Nf4 16. Rxa1 h6 17. Nf3 Nxd5 18. a3 Nf4 19. Nd4 Be5 20. Nf5 Rd2 21.
g3 Nd3 22. b4 Bxa1 23. Ne7+ Kh7 24. Bf5+ g6 25. Bg4 Nxf2 26. Kf1 Nxg4 27. h3
Ne3+ 28. Ke1 Rh2 29. Nd5 Nxd5 30. exd5 Re8+ 31. Kf1 Ree2 32. h4 Ra2 33. Kg1 Rhb2
0-1

[Event "AUTO-INT-3137"]
[Site "http://www.queenalice.com/game.php?id=1422288"]
[Date "2016.5.10"]
[Round "1"]
[White "carlosantos"]
[Black "papyrusmoon"]
[Result "1-0"]
[WhiteElo "1376"]
[BlackElo "1377"]

1. e4 e5 2. Nf3 d5 3. d4 Nf6 4. Bg5 Bb4+ 5. c3 Ba5 6. Nxe5 O-O 7. Bd3 dxe4 8.
Bxf6 Qxf6 9. Bxe4 Be6 10. Bxb7 Nc6 11. Bxa8 Rxa8 12. Nxc6 Bb6 13. Nd2 Qg5 14.
Nf3 Qxg2 15. Rg1 Qh3 16. Qd3 Bf5 17. Ne7+ Kf8 18. Nxf5 g6 19. Ng3 Re8+ 20. Kd2
Qe6 21. Rge1 Qh3 22. Rxe8+ Kxe8 23. Re1+ Kf8 24. Qe4 Qh6+ 25. Kc2 c5 26. d5 Qg7
27. Qe8# 1-0

[Event "AUTO-INT-3137"]
[Site "http://www.queenalice.com/game.php?id=1422299"]
[Date "2016.5.10"]
[Round "1"]
[White "carlosantos"]
[Black "manucies"]
[Result "0-1"]
[WhiteElo "1382"]
[BlackElo "1641"]

1. e4 e5 2. Nf3 Nc6 3. Nc3 Bb4 4. a3 Bxc3 5. bxc3 Nf6 6. d4 d6 7. Bd3 exd4 8.
cxd4 Bg4 9. O-O O-O 10. Bg5 Re8 11. d5 Ne5 12. Be2 h6 13. Bxh6 gxh6 14. Nxe5
Bxe2 15. Qxe2 Rxe5 16. f3 c6 17. c4 Qe7 18. Rae1 a6 19. Qe3 cxd5 20. cxd5 Kg7
21. Qf2 b5 22. Qg3+ Kh7 23. h4 Nh5 24. Qh2 Rg8 25. g4 Qc7 26. Kh1 Nf6 27. Rg1
Qc3 28. Qh3 Nxe4 29. g5 Nf2+ 30. Kh2 Nxh3 0-1

[Event "AUTO-INT-3137"]
[Site "http://www.queenalice.com/game.php?id=1422300"]
[Date "2016.5.10"]
[Round "1"]
[White "manucies"]
[Black "carlosantos"]
[Result "1-0"]
[WhiteElo "1754"]
[BlackElo "1411"]

1. e4 e5 2. Nf3 Nc6 3. Bb5 a6 4. Bxc6 bxc6 5. Nxe5 Bd6 6. d4 Nf6 7. Bg5 O-O 8.
Bxf6 Qxf6 9. Nf3 Qd8 10. e5 Be7 11. O-O Bb7 12. c3 d6 13. Nbd2 c5 14. dxc5 dxe5
15. Nxe5 Bd6 16. cxd6 Qxd6 17. Nef3 Rad8 18. Re1 Bxf3 19. Nxf3 Qc5 20. Qc2 Rd6
21. Rad1 Rf6 22. b4 Qc6 23. Ng5 Rg6 24. h4 h6 25. Nf3 h5 26. Rd3 Qb7 27. g3 c5
28. a3 Qc6 29. Ne5 Qe6 30. Nxg6 Qxe1+ 31. Kg2 fxg6 32. Rd1 Rxf2+ 33. Qxf2 Qxd1
34. bxc5 Qd5+ 35. Kh2 Qc4 36. Qd4 Qa2+ 37. Kg1 Qxa3 38. c6 Qe7 39. Qd5+ Kh7 40.
Kf2 Qf6+ 41. Ke3 Qxc3+ 42. Kf4 Qf6+ 43. Ke4 Qe7+ 44. Qe5 Qb4+ 45. Kd5 Qb5+ 46.
Kd6 Qb6 47. Kd7 a5 48. c7 Qb7 49. Qxa5 g5 50. Qf5+ Kg8 51. hxg5 Qa7 52. Kd8 Qd4+
53. Ke8 Qe3+ 54. Kd8 Qd4+ 55. Qd7 Qa7 56. c8=Q Qb6+ 57. Ke7+ Kh7 58. Qd3+ g6 59.
Qe6 Qb7+ 60. Qed7 Qxd7+ 61. Qxd7 1-0

[Event "Challenge"]
[Site "http://www.queenalice.com/game.php?id=1422486"]
[Date "2016.5.11"]
[Round "-"]
[White "pj"]
[Black "carlosantos"]
[Result "0-1"]
[WhiteElo "1581"]
[BlackElo "1409"]

1. e4 e5 2. g4 d6 3. h4 Nf6 4. h5 Nxe4 5. f3 Be7 6. fxe4 Nc6 7. c3 Bh4+ 8. Ke2
Bxg4+ 9. Nf3 Qf6 10. Bg2 O-O-O 11. Qf1 d5 12. Kd3 dxe4+ 13. Kc2 exf3 14. Bh3
Qf5+ 15. d3 e4 16. Bxg4 exd3+ 17. Kd2 Bg5+ 18. Kd1 Qxg4 19. Bxg5 f2+ 20. Kd2
Qxg5+ 21. Kd1 Qg4+ 22. Kd2 Rhe8 23. Na3 Re2+ 24. Kc1 d2+ 25. Kc2 d1=Q# 0-1

[Event "Challenge"]
[Site "http://www.queenalice.com/game.php?id=1431049"]
[Date "2016.7.9"]
[Round "-"]
[White "carlosantos"]
[Black "RJGF"]
[Result "0-1"]
[WhiteElo "1417"]
[BlackElo "1915"]

1. e4 e5 2. Nf3 Nc6 3. c3 Nf6 4. d3 d6 5. h3 Be7 6. Be2 O-O 7. O-O d5 8. Bg5
dxe4 9. Bxf6 Bxf6 10. dxe4 Be6 11. Nbd2 Qd7 12. b3 Ne7 13. Qc2 Ng6 14. Rad1 Nf4
15. Nc4 Qc8 16. Nfxe5 Bxe5 17. Nxe5 Bxh3 18. Bc4 Bxg2 19. Rfe1 Qh3 20. f3 Rae8
21. Nd7 Bxf3 22. Nxf8 Qh1+ 23. Kf2 Qg2+ 24. Ke3 Qxc2 25. Rc1 Rxe4+ 0-1

[Event "Challenge"]
[Site "http://www.queenalice.com/game.php?id=1437432"]
[Date "2016.8.23"]
[Round "-"]
[White "sunking1"]
[Black "carlosantos"]
[Result "1-0"]
[WhiteElo "1366"]
[BlackElo "1432"]

1. e4 e5 2. Nf3 Nc6 3. Nc3 Nf6 4. Nd5 Nxe4 5. d3 Nf6 6. Bg5 Be7 7. Bxf6 Bxf6 8.
c4 O-O 9. Be2 d6 10. d4 Be6 11. Nxf6+ Qxf6 12. dxe5 Nxe5 13. Nxe5 Qxe5 14. Rb1
Bxc4 15. O-O Bxe2 16. Qe1 Rae8 17. Qc3 1-0